Statistics for Soccer Logos By Letter - B

Click here to take the quiz!

General Stats

  • This quiz has been taken 479 times
    (352 since last reset)
  • The average score is 11 of 12

Answer Stats

Answer% Correct
Barcelona
99%
Bayern Munich
98%
Borussia Dortmund
97%
Brazil
96%
Belgium
94%
Brighton & Hove Albion
94%
Benfica
93%
Bayer Leverkusen
90%
Bologna
84%
Boca Juniors
83%
Beşiktaş
77%
Borussia Mönchengladbach
73%

Score Distribution

Percentile by Number Answered

Percent of People with Each Score

Your Score History

You have not taken this quiz since the last reset